[Event "NOR-ch Class5"]
[Site "Lillehammer"]
[Date "2013.06.29"]
[Round "6"]
[White "Bolme, Magne O"]
[Black "Sandell, John"]
[Result "1-0"]
[WhiteElo "903"]
[BlackElo "798"]
[PlyCount "101"]
[EventDate "2013.06.29"]
[EventType "swiss"]
[EventRounds "9"]
[EventCountry "NOR"]
[SourceTitle "EXT 2017"]
[Source "ChessBase"]
[SourceDate "2016.10.25"]
[SourceVersion "1"]
[SourceVersionDate "2016.10.25"]
[SourceQuality "1"]

1. c4 e5 2. e4 Nf6 3. d3 h6 4. Nc3 Bc5 5. Be2 Nc6 6. Nf3 d6 7. Na4 Bb4+ 8. Bd2 Ba5 9. Bxa5 Nxa5 10. Qc2 c5 11. 0-0 0-0 12. Nc3 a6 13. Nd5 Nxd5 14. cxd5 g6 15. Qd2 b5 16. Qxh6 Bg4 17. Ng5 Qxg5 18. Qxg5 Bxe2 19. Rfe1 Bxd3 20. Re3 c4 21. Rh3 Kg7 22. Qh6+ Kf6 23. f4 exf4 24. Qxf4+ Kg7 25. Qxd6 Rae8 26. a4 Rh8 27. Rxh8 Kxh8 28. Qxa6 Nb3 29. Ra3 Nc1 30. d6 Bxe4 31. Kf1 Bd3+ 32. Kf2 Re2+ 33. Kf1 Re3+ 34. Kg1 Ne2+ 35. Kf2 Re6 36. Qa8+ Kg7 37. d7 Rf6+ 38. Ke3 Re6+ 39. Kd2 Rd6 40. d8Q Rxd8 41. Qxd8 bxa4 42. Rxa4 Kh6 43. h4 Nf4 44. Qg5+ Kg7 45. Qxf4 Kg8 46. Ra8+ Kg7 47. Qb8 Kf6 48. Ra6+ Kg7 49. Qe5+ Kh7 50. Ra8 Bf5 51. Rh8# 1-0